[Event "Benidorm op-A"]
[Site "Benidorm"]
[Date "2023.10.31"]
[Round "3"]
[White "Fernandez Vazquez, Jorge"]
[Black "Grabuzova, Tatiana"]
[Result "0-1"]
[WhiteElo "1970"]
[BlackElo "2173"]
[PlyCount "59"]
[EventDate "2023.10.29"]
[EventType "swiss"]
[EventRounds "9"]
[EventCountry "ESP"]
[SourceTitle "Mega2024 Update 01"]
[Source "Chessbase"]
[SourceDate "2023.11.12"]
[SourceVersion "1"]
[SourceVersionDate "2023.11.12"]
[SourceQuality "1"]

1. c4 c6 2. g3 d5 3. Nf3 Nf6 4. Bg2 Nbd7 5. 0-0 e5 6. d4 e4 7. Ne5 Be7 8. cxd5 cxd5 9. Nc3 0-0 10. f3 exf3 11. Nxf3 Nb6 12. a4 Ne4 13. Nxe4 dxe4 14. Ne5 f5 15. Qb3+ Qd5 16. Qxd5+ Nxd5 17. Nc4 Be6 18. Ne3 Rac8 19. Nxd5 Bxd5 20. e3 Rc2 21. Rf2 Rfc8 22. Rxc2 Rxc2 23. Bf1 Bb3 24. Bh3 g6 25. g4 Bg5 26. Kh1 Be6 27. gxf5 Bxf5 28. Bg2 Re2 29. Kg1 Re1+ 30. Bf1 0-1

[Event "Tenerife-ch Seniors/Women"]
[Site "Santa Cruz de Tenerife"]
[Date "2023.03.27"]
[Round "7.4"]
[White "Fernandez Vazquez, Jorge"]
[Black "Rodriguez Redondo, Ethan"]
[Result "1/2-1/2"]
[WhiteElo "2007"]
[BlackElo "2002"]
[PlyCount "83"]
[EventDate "2023.03.13"]
[EventType "swiss"]
[EventRounds "9"]
[EventCountry "ESP"]
[SourceTitle "EXT 2024"]
[Source "ChessBase"]
[SourceDate "2023.10.10"]
[SourceVersion "1"]
[SourceVersionDate "2023.10.10"]
[SourceQuality "1"]

1. c4 f5 2. Nf3 Nf6 3. g3 g6 4. Bg2 Bg7 5. 0-0 0-0 6. d4 c5 7. d5 d6 8. Nc3 Nbd7 9. e4 Nxe4 10. Nxe4 fxe4 11. Ng5 Ne5 12. Qe2 Nf3+ 13. Nxf3 exf3 14. Bxf3 Qd7 15. Bg2 Rf7 16. h3 Qf5 17. Be3 Qf6 18. b4 b6 19. bxc5 bxc5 20. Rab1 Bf5 21. Rb7 Qc3 22. Rc1 Qd3 23. Qxd3 Bxd3 24. g4 Be5 25. Bf1 Bxf1 26. Kxf1 a5 27. a4 Raf8 28. Kg2 Bd4 29. Bxd4 cxd4 30. Rc2 d3 31. Rd2 Rc8 32. Rb5 Rxc4 33. Rxa5 Rc2 34. Ra8+ Kg7 35. Rxc2 dxc2 36. Rc8 Rf4 37. a5 Ra4 38. Rxc2 Rxa5 39. Rd2 g5 40. Kg3 Ra3+ 41. f3 Kf6 42. Rd4 1/2-1/2

[Event "Tenerife-chT Preferente"]
[Site "Tenerife"]
[Date "2023.01.14"]
[Round "1.4"]
[White "Verwilghen, Guy Stanislas E"]
[Black "Fernandez Vazquez, Jorge"]
[Result "1/2-1/2"]
[WhiteElo "1825"]
[BlackElo "2025"]
[PlyCount "44"]
[EventDate "2023.01.14"]
[EventType "team-tourn"]
[EventRounds "14"]
[EventCountry "ESP"]
[SourceTitle "EXT 2024"]
[Source "ChessBase"]
[SourceDate "2023.10.10"]
[SourceVersion "1"]
[SourceVersionDate "2023.10.10"]
[SourceQuality "1"]
[WhiteTeam "Rey Ahogado"]
[BlackTeam "Al Shah Mat Los Realejos"]
[WhiteTeamCountry "ESP"]
[BlackTeamCountry "ESP"]

1. d4 Nf6 2. Nf3 d5 3. Bf4 c5 4. e3 Nc6 5. dxc5 e6 6. Nbd2 Bxc5 7. c3 a5 8. Bd3 0-0 9. Qc2 Re8 10. Ne5 Bd6 11. Nxc6 bxc6 12. Bxd6 Qxd6 13. 0-0 c5 14. Bb5 Rd8 15. Rfd1 Bb7 16. a4 e5 17. Nf1 Qe6 18. Qe2 c4 19. f3 e4 20. Rd4 Bc6 21. Bxc6 Qxc6 22. fxe4 Nxe4 1/2-1/2

[Event "Tenerife-ch"]
[Site "Santa Cruz"]
[Date "2021.05.21"]
[Round "1"]
[White "Fernandez Vazquez, Jorge"]
[Black "Daicz Duque, Carlos Zyryab"]
[Result "1-0"]
[WhiteElo "2019"]
[BlackElo "1386"]
[PlyCount "91"]
[EventDate "2021.05.21"]
[EventType "swiss"]
[EventRounds "7"]
[EventCountry "ESP"]
[SourceTitle "CBM 203 Extra"]
[Source "ChessBase"]
[SourceDate "2021.09.30"]
[SourceVersion "1"]
[SourceVersionDate "2021.09.30"]
[SourceQuality "1"]

1. c4 c5 2. Nf3 Nf6 3. Nc3 Nc6 4. e3 g6 5. d4 cxd4 6. exd4 d5 7. cxd5 Nxd5 8. Qb3 Nxc3 9. Bc4 e6 10. bxc3 a6 11. Be2 Bg7 12. Ba3 Ne7 13. Ne5 0-0 14. Bf3 Re8 15. 0-0 Rb8 16. Rab1 Bd7 17. Bd6 Bb5 18. Bxb8 Bxf1 19. Qxb7 Bb5 20. Bc7 Qc8 21. Bd6 Qxb7 22. Bxb7 Nf5 23. Bc5 Bxe5 24. dxe5 Rd8 25. a4 Bxa4 26. Bxa6 Rd1+ 27. Rxd1 Bxd1 28. Kf1 Bb3 29. c4 f6 30. exf6 Kf7 31. g4 Nh6 32. g5 Nf5 33. f4 Bc2 34. Ke2 Be4 35. Bf2 Ke8 36. Bb5+ Kf7 37. c5 h6 38. h4 hxg5 39. hxg5 Kf8 40. Bd7 Kf7 41. c6 Nd6 42. c7 Bb7 43. Bc5 Nc8 44. Ke3 Ba6 45. Kd4 Bb7 46. Ke5 1-0

[Event "Canarias-chT Honor"]
[Site "Spain"]
[Date "2020.01.11"]
[Round "1.3"]
[White "Hernandez Leon, Sergio"]
[Black "Fernandez Vazquez, Jorge"]
[Result "0-1"]
[WhiteElo "2147"]
[BlackElo "1967"]
[PlyCount "106"]
[EventDate "2020.01.11"]
[EventType "team-tourn"]
[EventRounds "9"]
[EventCountry "ESP"]
[SourceTitle "CBM 195 Extra"]
[Source "ChessBase"]
[SourceDate "2020.05.31"]
[SourceVersion "1"]
[SourceVersionDate "2020.05.31"]
[SourceQuality "1"]
[WhiteTeam "Ebano Barrio Nuevo"]
[BlackTeam "Los Realejos Shah Mat"]
[WhiteTeamCountry "ESP"]
[BlackTeamCountry "ESP"]

1. e4 c6 2. Nf3 d5 3. Nc3 Nf6 4. e5 Ne4 5. Ne2 Bf5 6. Nfd4 e6 7. d3 Nc5 8. Ng3 Bg6 9. f4 Ncd7 10. h4 c5 11. Nf3 h6 12. Be2 Nc6 13. c3 Rc8 14. Be3 Be7 15. h5 Bh7 16. Rh3 f6 17. d4 cxd4 18. Nxd4 Nxd4 19. Bxd4 fxe5 20. fxe5 Bg5 21. Bd3 Bxd3 22. Qxd3 0-0 23. Qe2 Bf4 24. Be3 Qg5 25. Nf1 Qxe5 26. Bxf4 Qxe2+ 27. Kxe2 Rxf4 28. Re3 Kf7 29. Nh2 e5 30. Rd1 Ke6 31. Nf3 e4 32. Nd4+ Ke5 33. Nf3+ Kd6 34. Nd2 Nf6 35. g3 Rg4 36. Rf1 Rg5 37. c4 Rxh5 38. cxd5 Kxd5 39. Rb3 Rh2+ 40. Ke3 Ke5 41. Rb5+ Nd5+ 42. Rxd5+ Kxd5 43. Nxe4 Rxb2 44. Rf7 Re8 45. Rd7+ Kc6 46. Rd6+ Kc7 47. Rd4 Rxa2 48. Kf4 b5 49. Nc3 Rf2+ 50. Kg4 Kc6 51. Rd1 b4 52. Nd5 Kc5 53. Kh3 b3 0-1

[Event "Tenerife-chT Primera 1819"]
[Site "Tenerife"]
[Date "2018.12.15"]
[Round "3.1"]
[White "Fernandez Vazquez, Jorge"]
[Black "Marrero Martin, Manuel"]
[Result "0-1"]
[WhiteElo "1974"]
[BlackElo "1829"]
[PlyCount "98"]
[EventDate "2018.11.24"]
[EventType "team-tourn"]
[EventRounds "14"]
[EventCountry "ESP"]
[SourceTitle "CBM 189 Extra"]
[Source "ChessBase"]
[SourceDate "2019.06.03"]
[SourceVersion "1"]
[SourceVersionDate "2019.06.03"]
[SourceQuality "1"]
[WhiteTeam "Al Shah Mat Los Realejos"]
[BlackTeam "El Sauzal Libreria Barco"]
[WhiteTeamCountry "ESP"]
[BlackTeamCountry "ESP"]

1. d4 Nf6 2. c4 c5 3. d5 b5 4. cxb5 a6 5. bxa6 Bxa6 6. Nf3 g6 7. g3 Bg7 8. Bg2 d6 9. 0-0 0-0 10. Nc3 Nbd7 11. Rb1 Ng4 12. Qc2 Qb6 13. h3 Nge5 14. Ne1 Rfb8 15. b3 f5 16. Kh2 Qb4 17. Bd2 c4 18. f4 Nf7 19. bxc4 Qxc4 20. Nd3 Nc5 21. Nxc5 Qxc5 22. Rfc1 Rc8 23. e4 Qd4 24. Qd1 Bd3 25. Rb7 Kf8 26. exf5 Ba6 27. Rb2 gxf5 28. Qe1 Qd3 29. Rb4 Rc7 30. Na4 Rxc1 31. Bxc1 Bb5 32. Nb2 Qe2 33. Qxe2 Bxe2 34. a4 Bc3 35. Rb3 Bd4 36. Rb4 Bc5 37. Rb7 Nd8 38. Rc7 Ba6 39. Bd2 Bd4 40. Bc3 Bb6 41. Rc4 Bxc4 42. Nxc4 Bc7 43. Nb2 Nb7 44. Bf1 Nc5 45. Bb4 Kf7 46. Bb5 Nb3 47. Bc4 Ba5 48. Bxa5 Nxa5 49. Nd1 Nb3 0-1

[Event "Canarias-ch"]
[Site "Santa Cruz de Tenerife"]
[Date "2018.05.13"]
[Round "6"]
[White "Fernandez Vazquez, Jorge"]
[Black "Rodriguez Redondo, Ethan"]
[Result "0-1"]
[WhiteElo "1984"]
[BlackElo "2005"]
[PlyCount "30"]
[EventDate "2018.05.10"]
[EventType "swiss"]
[EventRounds "6"]
[EventCountry "ESP"]
[SourceTitle "EXT 2022"]
[Source "ChessBase"]
[SourceDate "2021.10.06"]
[SourceVersion "1"]
[SourceVersionDate "2021.10.06"]
[SourceQuality "1"]

1. d4 Nf6 2. c4 c5 3. d5 b5 4. cxb5 a6 5. bxa6 e6 6. Nc3 exd5 7. Nxd5 Be7 8. Nxf6+ Bxf6 9. Qd5 Rxa6 10. e4 Re6 11. Bc4 0-0 12. Ne2 Qb6 13. Qd3 Rd6 14. Qc2 Qb4+ 15. Kf1 Qxc4 0-1

[Event "Canarias-ch"]
[Site "Santa Cruz de Tenerife"]
[Date "2018.05.11"]
[Round "2"]
[White "Fernandez Vazquez, Jorge"]
[Black "Garcia Blanco, Omar"]
[Result "0-1"]
[WhiteElo "1984"]
[BlackElo "2314"]
[PlyCount "84"]
[EventDate "2018.05.10"]
[EventType "swiss"]
[EventRounds "6"]
[EventCountry "ESP"]
[SourceTitle "EXT 2022"]
[Source "ChessBase"]
[SourceDate "2021.10.06"]
[SourceVersion "1"]
[SourceVersionDate "2021.10.06"]
[SourceQuality "1"]

1. d4 f5 2. g3 Nf6 3. c4 g6 4. Bg2 Bg7 5. Nf3 0-0 6. 0-0 d6 7. Nc3 c6 8. d5 e5 9. dxe6 Bxe6 10. b3 Na6 11. Bb2 Qe7 12. Qc2 Rad8 13. Rad1 Nc5 14. Nd4 Bd7 15. b4 Nce4 16. b5 Rc8 17. bxc6 bxc6 18. Nb1 Ng4 19. e3 Nexf2 20. Rxf2 Qxe3 21. Bc1 Qxd4 22. Rxd4 Bxd4 23. h3 Nxf2 24. Kh2 Ne4 25. Qd3 c5 26. Na3 Bc6 27. Nc2 Be5 28. Bf4 Rcd8 29. Ne3 g5 30. Bxe5 dxe5 31. Nd5 Bxd5 32. cxd5 c4 33. Qxc4 Nd6 34. Qc7 Rfe8 35. Qxa7 e4 36. Qe3 Nf7 37. Bf1 Rc8 38. Bb5 Rc2+ 39. Kg1 Rec8 40. Bc6 Rb8 41. Qe1 Ne5 42. Qd1 Rbb2 0-1

[Event "Canarias-ch"]
[Site "Santa Cruz de Tenerife"]
[Date "2018.05.10"]
[Round "1"]
[White "Calvo Nobrega, Joaquin Manuel"]
[Black "Fernandez Vazquez, Jorge"]
[Result "0-1"]
[WhiteElo "1678"]
[BlackElo "1984"]
[PlyCount "68"]
[EventDate "2018.05.10"]
[EventType "swiss"]
[EventRounds "6"]
[EventCountry "ESP"]
[SourceTitle "EXT 2022"]
[Source "ChessBase"]
[SourceDate "2021.10.06"]
[SourceVersion "1"]
[SourceVersionDate "2021.10.06"]
[SourceQuality "1"]

1. e4 c6 2. d4 d5 3. e5 c5 4. c3 Nc6 5. Be3 Qb6 6. Qd2 cxd4 7. cxd4 Bf5 8. Nc3 e6 9. Nf3 Nge7 10. a3 Na5 11. Na4 Qd8 12. Bb5+ Nec6 13. Bxc6+ bxc6 14. Qc3 Rb8 15. Nd2 Rc8 16. b4 Nb7 17. Nb3 Qc7 18. 0-0 Be7 19. Rfc1 0-0 20. Nac5 Nxc5 21. Nxc5 f6 22. Bf4 fxe5 23. Bxe5 Bd6 24. Bxd6 Qxd6 25. Qe3 Rf6 26. Rc3 Qd8 27. h3 h5 28. Qe5 h4 29. Rac1 Rg6 30. Qf4 Qe7 31. Re1 Rf8 32. Qe3 Qd8 33. Nd3 Be4 34. Nf4 Qg5 0-1

[Event "Santa Cruz de Tenerife March 18 op"]
[Site "Santa Cruz de Tenerife"]
[Date "2018.03.21"]
[Round "8"]
[White "Fernandez Vazquez, Jorge"]
[Black "Diaz Reyes, Killian"]
[Result "1-0"]
[WhiteElo "1971"]
[BlackElo "1584"]
[PlyCount "80"]
[EventDate "2018.03.05"]
[EventType "swiss"]
[EventRounds "9"]
[EventCountry "ESP"]
[SourceTitle "CBM 183 Extra"]
[Source "ChessBase"]
[SourceDate "2018.04.19"]
[SourceVersion "1"]
[SourceVersionDate "2018.04.19"]
[SourceQuality "1"]

1. d4 d5 2. c4 e6 3. Nf3 Nf6 4. g3 c5 5. cxd5 exd5 6. Bg2 Nc6 7. 0-0 Bf5 8. Nc3 Be7 9. dxc5 Bxc5 10. Na4 Be7 11. Be3 0-0 12. Rc1 Na5 13. Bc5 b5 14. Bxe7 Qxe7 15. Nc3 Qb7 16. Nd4 Be6 17. b3 a6 18. e3 Rac8 19. Nce2 Rxc1 20. Qxc1 Rc8 21. Qa3 Nc6 22. Nxe6 fxe6 23. Bh3 Kf7 24. Nf4 Nd8 25. Nd3 Nd7 26. Qb4 Rc2 27. Qh4 Nf6 28. a4 Rc3 29. Ne5+ Ke7 30. Qb4+ Ke8 31. Qxc3 Ne4 32. Qd4 Qc7 33. Bg2 Ng5 34. h4 Ngf7 35. Nxf7 Qxf7 36. Rc1 Qe7 37. Qb6 Qb7 38. Qxb7 Nxb7 39. axb5 axb5 40. Rc7 Na5 1-0

[Event "Tenerife-chT Primera 1718"]
[Site "Tenerife"]
[Date "2018.03.10"]
[Round "12.1"]
[White "Hoyas Cebrian, Lucas"]
[Black "Fernandez Vazquez, Jorge"]
[Result "0-1"]
[WhiteElo "1864"]
[BlackElo "1948"]
[PlyCount "58"]
[EventDate "2017.11.11"]
[EventType "team-tourn"]
[EventRounds "14"]
[EventCountry "ESP"]
[SourceTitle "CBM 187 Extra"]
[Source "ChessBase"]
[SourceDate "2018.11.04"]
[SourceVersion "1"]
[SourceVersionDate "2018.11.04"]
[SourceQuality "1"]
[WhiteTeam "La Victoria 94 II"]
[BlackTeam "Al Shah Mat Los Realejos III"]
[WhiteTeamCountry "ESP"]
[BlackTeamCountry "ESP"]

1. f4 d5 2. Nf3 g6 3. e3 Bg7 4. Ne5 Qd6 5. d4 c5 6. Bb5+ Nc6 7. b3 cxd4 8. Ba3 Qc7 9. exd4 Qa5+ 10. Kf2 Qxb5 11. c4 dxc4 12. bxc4 Qb6 13. Bc5 Qa6 14. Na3 Nxe5 15. fxe5 Qc6 16. Re1 Nh6 17. h3 b6 18. Bb4 a5 19. d5 Qc7 20. d6 Qc6 21. Bc3 0-0 22. dxe7 Qc5+ 23. Qd4 Qxe7 24. Nb5 Nf5 25. Qxb6 Qg5 26. g4 Qf4+ 27. Kg2 Nh4+ 28. Kh1 Qf3+ 29. Kg1 Qg2# 0-1

[Event "Tenerife-chT Preferente 1718"]
[Site "Tenerife"]
[Date "2018.02.24"]
[Round "10.4"]
[White "Fernandez Vazquez, Jorge"]
[Black "Reyes Lopez, Angel"]
[Result "1-0"]
[WhiteElo "1957"]
[BlackElo "1814"]
[PlyCount "65"]
[EventDate "2017.11.11"]
[EventType "team-tourn"]
[EventRounds "14"]
[EventCountry "ESP"]
[SourceTitle "EXT 2019"]
[Source "ChessBase"]
[SourceDate "2018.10.10"]
[SourceVersion "1"]
[SourceVersionDate "2018.10.10"]
[SourceQuality "1"]
[WhiteTeam "Al Shah Mat Los Realejos"]
[BlackTeam "Laguna Cotelec"]
[WhiteTeamCountry "ESP"]
[BlackTeamCountry "ESP"]

1. d4 Nf6 2. c4 g6 3. g3 Bg7 4. Bg2 0-0 5. Nc3 d6 6. Nf3 c6 7. 0-0 Qa5 8. h3 e5 9. e4 Be6 10. d5 cxd5 11. cxd5 Bd7 12. a3 Na6 13. Be3 Rfc8 14. Nd2 Qd8 15. Rc1 h6 16. Qe2 Qe7 17. b4 Nh7 18. Nc4 f5 19. Na5 Be8 20. Qd3 f4 21. gxf4 exf4 22. Bxf4 g5 23. Be3 Nb8 24. Bd4 b6 25. Nc4 Nd7 26. Bxg7 Kxg7 27. Ne3 Bg6 28. Ne2 Ne5 29. Qa6 Rxc1 30. Rxc1 Nf6 31. Nd4 Kh7 32. Nef5 Qd7 33. Ne6 1-0